000 00575nam a2200193 i 4500
001 79864
003 ES-MaACL
005 20230906174052.0
007 t|
008 041025s1973 sp ||||1| spa d
100 1 _aHerwig, Rob.
_963435
245 1 0 _a201 plantas de jardín /
_cRob Herwig ; [traducción de Joaquín Adsuar].
250 _a[1ª ed.].
260 _aBarcelona :
_bAymá,
_c[1973]
300 _a144 p. :
_bil. ;
_c20 cm.
700 1 _aAdsuar Ortega, Joaquín.
_918492
740 0 _aDoscientos una plantas de jardín.
852 _aES-MaACL
_jC-52958
_bR.86181
999 _c79864
_d79864